[Event "Vitrolles Majeur op 0405"]
[Site "Vitrolles"]
[Date "2005.03.05"]
[Round "7"]
[White "Alard, Francis"]
[Black "Israel, Daniel"]
[Result "0-1"]
[WhiteElo "1740"]
[BlackElo "1700"]
[PlyCount "78"]
[EventDate "2004.10.16"]
[EventType "swiss"]
[EventRounds "9"]
[EventCountry "FRA"]
[SourceTitle "EXT 2008"]
[Source "ChessBase"]
[SourceDate "2007.11.25"]
[SourceVersion "1"]
[SourceVersionDate "2007.11.25"]
[SourceQuality "1"]

1. e4 g6 2. d4 Bg7 3. Nf3 d6 4. Bc4 Nf6 5. Nbd2 0-0 6. 0-0 Ne8 7. c3 e5 8. Bb3 b5 9. a4 c6 10. axb5 Bb7 11. bxc6 Bxc6 12. d5 Bb7 13. Bc2 Nd7 14. Nb3 a5 15. Be3 Nef6 16. Ra4 Ng4 17. Qa1 Nxe3 18. fxe3 Qb6 19. Re1 Bh6 20. Kf2 Nf6 21. h3 Rfc8 22. Nfd2 Ba6 23. Rxa5 Nh5 24. Nc1 Bb7 25. Rxa8 Rxa8 26. Qb1 Qd8 27. Nf3 Qb6 28. Nd3 Ba6 29. Nb4 Bf4 30. Nxa6 Bg3+ 31. Kf1 Bxe1 32. Qxe1 Rxa6 33. g4 Nf6 34. Qh4 Kg7 35. g5 Nh5 36. Qf2 Qxb2 37. Bd3 Ra1+ 38. Kg2 Qxc3 39. Bb5 Rb1 0-1

[Event "Vitrolles Majeur op 0405"]
[Site "Vitrolles"]
[Date "2004.11.27"]
[Round "3"]
[White "Zejneli, Skender"]
[Black "Alard, Francis"]
[Result "1-0"]
[WhiteElo "2050"]
[BlackElo "1740"]
[PlyCount "95"]
[EventDate "2004.10.16"]
[EventType "swiss"]
[EventRounds "9"]
[EventCountry "FRA"]
[SourceTitle "EXT 2008"]
[Source "ChessBase"]
[SourceDate "2007.11.25"]
[SourceVersion "1"]
[SourceVersionDate "2007.11.25"]
[SourceQuality "1"]

1. d4 d5 2. c4 Nf6 3. Nc3 e6 4. Bg5 Nbd7 5. e3 c6 6. Nf3 Qa5 7. Nd2 Bb4 8. Qc2 0-0 9. a3 Re8 10. Be2 dxc4 11. Bxf6 Nxf6 12. Nxc4 Bxc3+ 13. bxc3 Qc7 14. 0-0 c5 15. Rac1 b6 16. Bf3 Rb8 17. Nd2 Bb7 18. e4 cxd4 19. cxd4 Qxc2 20. Rxc2 Rbc8 21. Rfc1 Rxc2 22. Rxc2 Rc8 23. Rxc8+ Bxc8 24. Kf1 Kf8 25. Ke2 Ba6+ 26. Ke3 Ke7 27. Bd1 Nd7 28. f4 f6 29. g4 g5 30. fxg5 fxg5 31. e5 Bb7 32. Nf3 h6 33. Nd2 Bd5 34. Ne4 Bxe4 35. Kxe4 Nf8 36. Bb3 Ng6 37. d5 exd5+ 38. Bxd5 Nf4 39. Bc4 Ne6 40. h3 Nf4 41. h4 Ne6 42. hxg5 Nxg5+ 43. Kf5 Nf7 44. Bd5 a5 45. a4 b5 46. axb5 a4 47. b6 Nd8 48. b7 1-0

[Event "Bouches du Rhone-ch 0203"]
[Site "Provence"]
[Date "2003.02.08"]
[Round "6"]
[White "Hileyan, Michel"]
[Black "Alard, Francis"]
[Result "1-0"]
[WhiteElo "2089"]
[BlackElo "1710"]
[PlyCount "69"]
[EventDate "2002.10.??"]
[EventType "swiss"]
[EventRounds "9"]
[EventCountry "FRA"]
[SourceTitle "EXT 2005"]
[Source "ChessBase"]
[SourceDate "2004.11.15"]
[SourceVersion "1"]
[SourceVersionDate "2004.11.15"]
[SourceQuality "1"]

1. Nf3 d5 2. d4 Nf6 3. c4 e6 4. Nc3 c6 5. Bg5 Nbd7 6. e3 Qa5 7. Bxf6 Nxf6 8. Bd3 dxc4 9. Bxc4 Ne4 10. Qc2 Bb4 11. Rc1 Nxc3 12. bxc3 Be7 13. 0-0 0-0 14. Rb1 Rb8 15. Ne5 Qc7 16. Bd3 h6 17. f4 c5 18. Qe2 f6 19. Ng6 Rd8 20. Qh5 Bd6 21. Nh4 f5 22. g4 c4 23. Bc2 Bd7 24. gxf5 Be8 25. Qg4 Be7 26. Nf3 exf5 27. Qxf5 Bf6 28. Ne5 Bf7 29. Kf2 Qc8 30. Qxc8 Rdxc8 31. Nd7 Bh4+ 32. Ke2 Ra8 33. Rxb7 Bd5 34. Rb2 Be6 35. Ne5 1-0

[Event "Bouches du Rhone-ch 0203"]
[Site "Provence"]
[Date "2002.12.14"]
[Round "4"]
[White "Zejneli, Skender"]
[Black "Alard, Francis"]
[Result "1-0"]
[WhiteElo "2020"]
[BlackElo "1710"]
[PlyCount "79"]
[EventDate "2002.10.??"]
[EventType "swiss"]
[EventRounds "9"]
[EventCountry "FRA"]
[SourceTitle "EXT 2005"]
[Source "ChessBase"]
[SourceDate "2004.11.15"]
[SourceVersion "1"]
[SourceVersionDate "2004.11.15"]
[SourceQuality "1"]

1. e4 c5 2. Nf3 d6 3. d4 cxd4 4. Nxd4 Nf6 5. Nc3 g6 6. Be3 Bg7 7. f3 0-0 8. Qd2 Nc6 9. 0-0-0 Bd7 10. Bc4 Rc8 11. Bb3 Ne5 12. h4 Nc4 13. Bxc4 Rxc4 14. g4 Qa5 15. Nb3 Qc7 16. h5 Rc8 17. hxg6 fxg6 18. Rh2 Bxg4 19. fxg4 Nxg4 20. Bd4 Nxh2 21. Qxh2 Bxd4 22. Nxd4 Rxc3 23. bxc3 Qxc3 24. Kb1 Rc4 25. Qf2 Rb4+ 26. Nb3 a5 27. Rf1 Qg7 28. Qd2 Qe5 29. Qh6 Qg7 30. Qh3 h5 31. Qe6+ Kh8 32. Rf7 Qg8 33. Qxe7 Qxf7 34. Qxf7 a4 35. Qf8+ Kh7 36. e5 axb3 37. cxb3 Rxb3+ 38. axb3 dxe5 39. Qe7+ Kg8 40. Qxb7 1-0

[Event "Provence-ch access Vitrolles 9900"]
[Site "France"]
[Date "2000.??.??"]
[Round "6"]
[White "Zejneli, Skender"]
[Black "Alard, Francis"]
[Result "1-0"]
[WhiteElo "1850"]
[BlackElo "1580"]
[PlyCount "99"]
[EventDate "1999.??.??"]
[EventType "tourn"]
[EventRounds "9"]
[EventCountry "FRA"]
[SourceTitle "EXT 2005"]
[Source "ChessBase"]
[SourceDate "2004.11.15"]
[SourceVersion "1"]
[SourceVersionDate "2004.11.15"]
[SourceQuality "1"]

1. e4 c5 2. Nf3 d6 3. d4 cxd4 4. Nxd4 Nf6 5. Nc3 g6 6. Bc4 Bg7 7. Be3 0-0 8. f3 Nc6 9. Qd2 Bd7 10. 0-0-0 Ne5 11. Bb3 Rc8 12. h4 Nc4 13. Bxc4 Rxc4 14. h5 Qc7 15. Bh6 Nxe4 16. fxe4 Rxd4 17. Qe3 Rxd1+ 18. Nxd1 Rc8 19. c3 Bh8 20. hxg6 fxg6 21. Bg5 Be6 22. Qxa7 Rf8 23. Be3 Qc6 24. Bh6 Bg7 25. Bxg7 Kxg7 26. Qe3 Rf7 27. Qd4+ Kg8 28. b3 Qa6 29. Qd2 Qa5 30. Ne3 Qe5 31. Qc2 Qf4 32. Re1 Qg3 33. Re2 Qg5 34. Kb2 Qf4 35. a4 Qe5 36. Qd3 Qc5 37. b4 Qc6 38. Ka3 Rf8 39. Nd5 Bxd5 40. Qxd5+ Qxd5 41. exd5 Rf7 42. a5 Kf8 43. Ka4 Ke8 44. Kb5 Kd8 45. Kb6 Kc8 46. c4 Kd8 47. Kxb7 e5+ 48. Kc6 Rc7+ 49. Kxd6 Rxc4 50. b5 1-0

[Event "Provence-ch prom Vitrolles 9899"]
[Site "France"]
[Date "1999.??.??"]
[Round "6"]
[White "Alard, Francis"]
[Black "D'Hamelincourt, Gilbert"]
[Result "0-1"]
[WhiteElo "1600"]
[BlackElo "1640"]
[PlyCount "114"]
[EventDate "1998.??.??"]
[EventType "tourn"]
[EventRounds "9"]
[EventCountry "FRA"]
[SourceTitle "EXT 2005"]
[Source "ChessBase"]
[SourceDate "2004.11.15"]
[SourceVersion "1"]
[SourceVersionDate "2004.11.15"]
[SourceQuality "1"]

1. e4 d6 2. d4 Nf6 3. Nc3 c6 4. f4 e6 5. Nf3 Be7 6. Bd3 Nbd7 7. 0-0 h6 8. Kh1 Nh7 9. d5 Nc5 10. e5 Nxd3 11. Qxd3 exd5 12. exd6 Qxd6 13. Re1 Nf6 14. Bd2 Ng4 15. Re2 0-0 16. h3 Nf6 17. Rae1 Re8 18. Ne5 Nh5 19. Qf3 Nf6 20. f5 Bd7 21. g4 Nh7 22. Bf4 Bg5 23. Bg3 Qc7 24. Nxf7 Rxe2 25. Rxe2 Qb6 26. Ne5 Nf8 27. b3 Qd4 28. Bf2 Qb4 29. Nxd7 Nxd7 30. Nxd5 Qa5 31. Qe4 Qxd5 32. Qxd5+ cxd5 33. Bd4 Nf6 34. Kg2 Ne4 35. c4 Nf6 36. Bxf6 Bxf6 37. cxd5 Rd8 38. Rd2 Kf7 39. a4 Ke7 40. Rd3 Kd6 41. Kf3 Rc8 42. Ke4 Rc5 43. Kf3 Rc3 44. Rxc3 Bxc3 45. Ke4 Kc5 46. h4 Bf6 47. g5 hxg5 48. hxg5 Bxg5 49. Ke5 Bf6+ 50. Ke6 Kb4 51. d6 Kxb3 52. a5 Ka4 53. d7 Kxa5 54. Kf7 b5 55. Ke8 b4 56. d8Q+ Bxd8 57. Kxd8 b3 0-1

[Event "Provence-ch access Vitrolles 9900"]
[Site "France"]
[Date "1999.??.??"]
[Round "1"]
[White "Estevez, Dorothee"]
[Black "Alard, Francis"]
[Result "1-0"]
[WhiteElo "1780"]
[BlackElo "1580"]
[PlyCount "87"]
[EventDate "1999.??.??"]
[EventType "tourn"]
[EventRounds "9"]
[EventCountry "FRA"]
[SourceTitle "EXT 2005"]
[Source "ChessBase"]
[SourceDate "2004.11.15"]
[SourceVersion "1"]
[SourceVersionDate "2004.11.15"]
[SourceQuality "1"]

1. d4 d5 2. c4 e6 3. Nf3 Nf6 4. Nc3 Nbd7 5. Bg5 c6 6. e3 Qa5 7. Qc2 Bb4 8. a3 Ne4 9. Rc1 Bxc3+ 10. bxc3 Qxa3 11. Be2 Nxg5 12. Nxg5 h6 13. Nf3 0-0 14. 0-0 Qd6 15. c5 Qc7 16. Ra1 e5 17. c4 e4 18. Nd2 Nf6 19. cxd5 cxd5 20. Nb1 Bg4 21. Bb5 a6 22. Ba4 b5 23. Bb3 b4 24. Qa2 Be6 25. Qa5 Qxa5 26. Rxa5 Bd7 27. Ba4 Bxa4 28. Rxa4 a5 29. Nd2 Ra7 30. Nb3 Rfa8 31. Rfa1 Ne8 32. Rxa5 Rxa5 33. Rxa5 Rxa5 34. Nxa5 Nc7 35. Kf1 Kf8 36. Ke2 Ke8 37. Kd2 f5 38. Kc2 g5 39. Nc6 Na6 40. Kb3 Kd7 41. Nxb4 Nxb4 42. Kxb4 Kc6 43. h3 h5 44. g3 1-0

[Event "Provence-ch prom Vitrolles 9899"]
[Site "France"]
[Date "1999.??.??"]
[Round "5"]
[White "La Orden, JC."]
[Black "Alard, Francis"]
[Result "1/2-1/2"]
[WhiteElo "1580"]
[BlackElo "1600"]
[PlyCount "76"]
[EventDate "1998.??.??"]
[EventType "tourn"]
[EventRounds "9"]
[EventCountry "FRA"]
[SourceTitle "EXT 2005"]
[Source "ChessBase"]
[SourceDate "2004.11.15"]
[SourceVersion "1"]
[SourceVersionDate "2004.11.15"]
[SourceQuality "1"]

1. e4 c5 2. Nf3 d6 3. d4 cxd4 4. Nxd4 Nf6 5. Nc3 g6 6. Be2 Bg7 7. Be3 0-0 8. 0-0 Nc6 9. h3 Nxd4 10. Bxd4 Bd7 11. Rb1 a6 12. a3 Bc6 13. Bd3 Bh6 14. Qe2 Ne8 15. f4 Nc7 16. f5 Qd7 17. f6 exf6 18. Bxf6 Rae8 19. Rbe1 Re6 20. Rf2 d5 21. e5 Ne8 22. Nd1 Nxf6 23. Rxf6 Bg7 24. Rxe6 fxe6 25. Nf2 Qc7 26. Qg4 Bd7 27. Qe2 Qb6 28. c3 Qc5 29. Qe3 Qa5 30. Ng4 Qd8 31. Rf1 Rxf1+ 32. Kxf1 Qe8 33. Nh2 Bb5 34. Nf3 Bxd3+ 35. Qxd3 Qf8 36. Ke2 Qc5 37. a4 Qc7 38. Qd4 Qc6 1/2-1/2

[Event "Provence-ch prom Vitrolles 9899"]
[Site "France"]
[Date "1998.??.??"]
[Round "1"]
[White "Alard, Francis"]
[Black "Mamert, Robert"]
[Result "0-1"]
[WhiteElo "1600"]
[BlackElo "1650"]
[PlyCount "50"]
[EventDate "1998.??.??"]
[EventType "tourn"]
[EventRounds "9"]
[EventCountry "FRA"]
[SourceTitle "EXT 2005"]
[Source "ChessBase"]
[SourceDate "2004.11.15"]
[SourceVersion "1"]
[SourceVersionDate "2004.11.15"]
[SourceQuality "1"]

1. e4 Nf6 2. e5 Nd5 3. d4 d6 4. c4 Nb6 5. Nc3 dxe5 6. dxe5 Qxd1+ 7. Nxd1 Nc6 8. Bf4 g5 9. Bg3 Be6 10. Ne3 0-0-0 11. Nf3 Rg8 12. Nd2 f5 13. exf6 exf6 14. 0-0-0 f5 15. f4 Bc5 16. Nc2 Nb4 17. Nxb4 Bxb4 18. fxg5 f4 19. Bxf4 Bg4 20. Nf3 Rxd1+ 21. Kxd1 Bxf3+ 22. gxf3 Rf8 23. Bh3+ Kb8 24. Re1 Bxe1 25. Bxc7+ Kxc7 0-1

[Event "Provence-ch prom Vitrolles 9495"]
[Site "France"]
[Date "1994.??.??"]
[Round "6"]
[White "Wilfert, Fabrice"]
[Black "Alard, Francis"]
[Result "1/2-1/2"]
[WhiteElo "1810"]
[BlackElo "1660"]
[PlyCount "66"]
[EventDate "1994.??.??"]
[EventType "tourn"]
[EventRounds "9"]
[EventCountry "FRA"]
[SourceTitle "EXT 2005"]
[Source "ChessBase"]
[SourceDate "2004.11.15"]
[SourceVersion "1"]
[SourceVersionDate "2004.11.15"]
[SourceQuality "1"]

1. e4 c5 2. Nf3 d6 3. d4 cxd4 4. Nxd4 Nf6 5. Nc3 g6 6. Be3 Bg7 7. f3 0-0 8. Qd2 Nc6 9. 0-0-0 Bd7 10. g4 Ne5 11. h4 Qa5 12. h5 Rac8 13. Nb3 Qc7 14. Be2 Nc4 15. Bxc4 Qxc4 16. hxg6 fxg6 17. e5 Nxg4 18. fxg4 Bxe5 19. Qd5+ Be6 20. Qxc4 Rxc4 21. Nd5 Bxd5 22. Rxd5 Rxg4 23. Bxa7 Rgf4 24. Be3 Rf1+ 25. Rxf1 Rxf1+ 26. Kd2 Rb1 27. Rb5 Rxb2 28. a4 Ra2 29. a5 h5 30. Rxb7 Kf7 31. Bg5 Bf6 32. Bxf6 Kxf6 33. Rc7 h4 1/2-1/2

[Event "Provence-ch prom Vitrolles 9394"]
[Site "France"]
[Date "1993.??.??"]
[Round "5"]
[White "Midoux, Sebastien"]
[Black "Alard, Francis"]
[Result "1/2-1/2"]
[WhiteElo "1920"]
[BlackElo "1640"]
[PlyCount "67"]
[EventDate "1993.??.??"]
[EventType "tourn"]
[EventRounds "9"]
[EventCountry "FRA"]
[SourceTitle "EXT 2005"]
[Source "ChessBase"]
[SourceDate "2004.11.15"]
[SourceVersion "1"]
[SourceVersionDate "2004.11.15"]
[SourceQuality "1"]

1. e4 c5 2. d4 cxd4 3. c3 dxc3 4. Nxc3 d6 5. Nf3 Nf6 6. Bc4 e6 7. 0-0 Be7 8. Qe2 0-0 9. Rd1 Qa5 10. Bf4 a6 11. Bxd6 Bxd6 12. Rxd6 Nc6 13. Rad1 Ne5 14. Bb3 Nxf3+ 15. Qxf3 Qe5 16. Qe2 b5 17. f4 Qxf4 18. R6d3 Qe5 19. Rf1 Bb7 20. Rxf6 Qxf6 21. e5 Qg5 22. Rg3 Qc1+ 23. Nd1 Rfd8 24. h3 Rd2 25. Qg4 g6 26. Kh2 Qc6 27. Ne3 Rxb2 28. Qg5 Qe8 29. Ng4 Qf8 30. Nh6+ Kh8 31. Qf6+ Qg7 32. Nxf7+ Kg8 33. Nh6+ Kh8 34. Nf7+ 1/2-1/2

[Event "Provence-ch prom Vitrolles 9394"]
[Site "France"]
[Date "1993.??.??"]
[Round "8"]
[White "Navarro, JM."]
[Black "Alard, Francis"]
[Result "0-1"]
[WhiteElo "1630"]
[BlackElo "1640"]
[PlyCount "69"]
[EventDate "1993.??.??"]
[EventType "tourn"]
[EventRounds "9"]
[EventCountry "FRA"]
[SourceTitle "EXT 2005"]
[Source "ChessBase"]
[SourceDate "2004.11.15"]
[SourceVersion "1"]
[SourceVersionDate "2004.11.15"]
[SourceQuality "1"]

1. d4 d5 2. c4 e6 3. Nc3 Nf6 4. Nf3 Nbd7 5. cxd5 Nxd5 6. e4 Nxc3 7. bxc3 Be7 8. Bd3 0-0 9. 0-0 b6 10. Re1 Re8 11. Bf4 Bd6 12. e5 Be7 13. Qc2 g6 14. Qa4 Nf8 15. Be4 Bd7 16. Qc2 Rb8 17. c4 f5 18. exf6 Bxf6 19. Rad1 Bc8 20. Ne5 Bxe5 21. Bxe5 Qe7 22. Re3 Bb7 23. Qa4 Bxe4 24. Rxe4 Rb7 25. Bf6 Qf7 26. Rf4 Nd7 27. Bg5 Qg7 28. Qc6 Rbb8 29. Re1 h6 30. Bh4 g5 31. Rg4 Nf6 32. Rxe6 Rxe6 33. Qxe6+ Qf7 34. Qf5 Nxg4 35. Qxg4 0-1

[Event "Provence-ch prom Vitrolles 9293"]
[Site "France"]
[Date "1992.??.??"]
[Round "8"]
[White "Busson, Benoist"]
[Black "Alard, Francis"]
[Result "1-0"]
[WhiteElo "1730"]
[BlackElo "1670"]
[PlyCount "45"]
[EventDate "1992.??.??"]
[EventType "tourn"]
[EventRounds "9"]
[EventCountry "FRA"]
[SourceTitle "EXT 2005"]
[Source "ChessBase"]
[SourceDate "2004.11.15"]
[SourceVersion "1"]
[SourceVersionDate "2004.11.15"]
[SourceQuality "1"]

1. d4 d5 2. e4 dxe4 3. Nc3 Nf6 4. f3 exf3 5. Nxf3 Bg4 6. h3 Bxf3 7. Qxf3 c6 8. Be3 e6 9. Bd3 Be7 10. 0-0 Nbd7 11. g4 0-0 12. g5 Nd5 13. Nxd5 cxd5 14. h4 g6 15. Rae1 Rc8 16. Re2 a6 17. Rh2 b5 18. Qg2 Kg7 19. h5 Rh8 20. Qf3 Rf8 21. hxg6 fxg6 22. Rxh7+ Kxh7 23. Qh5+ 1-0

[Event "Provence-ch prom Vitrolles 9293"]
[Site "France"]
[Date "1992.??.??"]
[Round "3"]
[White "Dumas, JL."]
[Black "Alard, Francis"]
[Result "1-0"]
[WhiteElo "1670"]
[BlackElo "1670"]
[PlyCount "73"]
[EventDate "1992.??.??"]
[EventType "tourn"]
[EventRounds "9"]
[EventCountry "FRA"]
[SourceTitle "EXT 2005"]
[Source "ChessBase"]
[SourceDate "2004.11.15"]
[SourceVersion "1"]
[SourceVersionDate "2004.11.15"]
[SourceQuality "1"]

1. f4 d5 2. Nf3 c5 3. b3 e6 4. Bb2 Nf6 5. e3 Nc6 6. Be2 Be7 7. 0-0 0-0 8. Ne5 Nxe5 9. fxe5 Nd7 10. d4 b6 11. Bd3 f6 12. Qh5 f5 13. Nd2 g6 14. Qh6 Bg5 15. Qh3 Bb7 16. Rf2 Nb8 17. Re1 Bh4 18. g3 Bg5 19. Nf3 Na6 20. a3 Nc7 21. Nxg5 Qxg5 22. Rf4 Ba6 23. c4 Rab8 24. a4 Bb7 25. Kf2 Na6 26. Bc3 Nb4 27. Bxb4 cxb4 28. Rg1 Qe7 29. g4 Kh8 30. Ke2 Rf7 31. Qg3 Rg8 32. gxf5 exf5 33. Bxf5 Rfg7 34. Bd3 Rf8 35. Qg5 Qxg5 36. Rxf8+ Rg8 37. Rxg8+ 1-0

[Event "Provence-ch prom Vitrolles 9293"]
[Site "France"]
[Date "1992.??.??"]
[Round "5"]
[White "Lenfant, Francois"]
[Black "Alard, Francis"]
[Result "1-0"]
[WhiteElo "1910"]
[BlackElo "1670"]
[PlyCount "41"]
[EventDate "1992.??.??"]
[EventType "tourn"]
[EventRounds "9"]
[EventCountry "FRA"]
[SourceTitle "EXT 2005"]
[Source "ChessBase"]
[SourceDate "2004.11.15"]
[SourceVersion "1"]
[SourceVersionDate "2004.11.15"]
[SourceQuality "1"]

1. e4 c5 2. d4 cxd4 3. c3 dxc3 4. Nxc3 Nc6 5. Nf3 d6 6. Bc4 e6 7. 0-0 Nf6 8. Qe2 Be7 9. Rd1 Qa5 10. Bf4 e5 11. Bg5 Bg4 12. Bxf6 Nd4 13. Bxf7+ Kxf7 14. Ng5+ Kxf6 15. Qxg4 Kg6 16. Ne6+ Kf7 17. Nxd4 exd4 18. Rxd4 Qg5 19. Qxg5 Bxg5 20. Rxd6 Rad8 21. Rad1 1-0

[Event "Provence-ch prom Vitrolles 9293"]
[Site "France"]
[Date "1992.??.??"]
[Round "7"]
[White "Vivian, J."]
[Black "Alard, Francis"]
[Result "1-0"]
[WhiteElo "1670"]
[BlackElo "1670"]
[PlyCount "73"]
[EventDate "1992.??.??"]
[EventType "tourn"]
[EventRounds "9"]
[EventCountry "FRA"]
[SourceTitle "EXT 2005"]
[Source "ChessBase"]
[SourceDate "2004.11.15"]
[SourceVersion "1"]
[SourceVersionDate "2004.11.15"]
[SourceQuality "1"]

1. Nf3 Nf6 2. b3 d5 3. Bb2 Bg4 4. e3 e6 5. Be2 Nbd7 6. d3 Bd6 7. c4 e5 8. cxd5 Nxd5 9. 0-0 0-0 10. Nbd2 N5f6 11. Nc4 Re8 12. Rc1 h6 13. Rc2 Nd5 14. a3 Qe7 15. Qc1 c6 16. Nxd6 Qxd6 17. b4 a6 18. Rd1 Re6 19. Nh4 Bxe2 20. Rxe2 Rae8 21. g3 N7f6 22. Nf5 Qb8 23. e4 Nh7 24. f4 Qa7+ 25. Kh1 h5 26. Rg2 g6 27. Nh4 Nhf6 28. h3 Kf8 29. f5 gxf5 30. Nxf5 Ng8 31. Qg5 Rg6 32. Qxh5 Qb8 33. Rf1 Qc8 34. Nd6 Ndf6 35. Rxf6 Nxf6 36. Qh8+ Ke7 37. Nxc8+ 1-0

[Event "Provence-chB"]
[Site "Provence"]
[Date "1991.??.??"]
[Round "9"]
[White "Alard, Francis"]
[Black "Girard, Jean Pierre"]
[Result "0-1"]
[WhiteElo "1630"]
[BlackElo "1930"]
[PlyCount "66"]
[EventDate "1991.??.??"]
[EventType "swiss"]
[EventRounds "9"]
[EventCountry "FRA"]
[SourceTitle "EXT 2005"]
[Source "ChessBase"]
[SourceDate "2004.11.15"]
[SourceVersion "1"]
[SourceVersionDate "2004.11.15"]
[SourceQuality "1"]

1. e4 c5 2. Nf3 e6 3. Bb5 a6 4. Bc4 b5 5. Be2 Bb7 6. d3 d5 7. e5 Nc6 8. d4 cxd4 9. Nxd4 Nxe5 10. 0-0 Nf6 11. Be3 Be7 12. Nd2 0-0 13. N2b3 Nc4 14. Bc1 Re8 15. Nd2 Nxd2 16. Bxd2 e5 17. Nf3 Bf8 18. Bg5 Qb6 19. c3 Rad8 20. Qc2 d4 21. cxd4 e4 22. Nd2 Qxd4 23. Be3 Qe5 24. b3 Rc8 25. Qb1 Nd5 26. Qe1 Nxe3 27. fxe3 Bc5 28. Bg4 Qg5 29. Bxc8 Bxe3+ 30. Rf2 Rxc8 31. Nf1 Bb6 32. Ng3 Qf4 33. Ne2 Qe5 0-1

[Event "Provence-chB"]
[Site "Provence"]
[Date "1991.??.??"]
[Round "3"]
[White "Maruejols, Claude"]
[Black "Alard, Francis"]
[Result "1-0"]
[WhiteElo "2040"]
[BlackElo "1630"]
[PlyCount "53"]
[EventDate "1991.??.??"]
[EventType "swiss"]
[EventRounds "9"]
[EventCountry "FRA"]
[SourceTitle "EXT 2005"]
[Source "ChessBase"]
[SourceDate "2004.11.15"]
[SourceVersion "1"]
[SourceVersionDate "2004.11.15"]
[SourceQuality "1"]

1. e4 c5 2. Nf3 d6 3. c3 Nf6 4. Be2 Nc6 5. d4 cxd4 6. cxd4 Nxe4 7. d5 Qa5+ 8. Nc3 Nxc3 9. bxc3 Ne5 10. Nxe5 dxe5 11. Qb3 a6 12. 0-0 g6 13. Ba3 Qc7 14. Rad1 e6 15. d6 Qd7 16. c4 Bg7 17. c5 Qc6 18. Rb1 0-0 19. Qe3 Bd7 20. Bf3 Qa4 21. Rb4 Qa5 22. Rxb7 Bb5 23. Rc1 Rac8 24. c6 Bh6 25. Qc3 Bd2 26. Qxa5 Bxa5 27. d7 1-0